Datum a čas kvízu
40.5
Celkem bodů
Celkový počet nahraných bodů na tomto kvízu bez doplňovacích otázek.
1.
Pořadí na kvízu
Konečné umístění týmu na tomto kvízu.
Zaznamenané odpovědi
| # | Otázka | Odpověď | Body | Výsledky |
|---|---|---|---|---|
| 1. | Dle rozhodnutí soudu z minuléh... | Tomio Okamura | 1 | |
| 2. | Slovenská policie minulý týden... | Robert Fico, Robert Kaliňák | 0.5 | |
| 3. | Společnost Mattel vydala u pří... | královna Alžběta II. | 1 | |
| 4. | Jedna z českých nápojářských z... | Kofola | 1 | |
| 5. | Českým házenkářkám se povedl m... | Francie | 0 | |
| 6. | Tímto tématem navazujeme v naš... | B | 1 | |
| 7. | Na lícní straně dvacetikoruny... | zahynout nám i budoucím | 1 | |
| 8. | Dvacet deka lásky je knihou po... | Monyová | 1 | |
| 9. | Protonové číslo dvacet má vápn... | alabastr | 1 | |
| 10. | Dne 13. prosince roku 1920 zal... | Haribo | 1 |